Name one city that... #3 - Statistics

General Stats
  • This quiz has been taken 127 times
  • The average score is 16 of 20
Answer Stats
Name one city that... City % Correct
Is currently a city-state Monaco | Singapore | Vatican City
97%
Is the capital city of one of Spain's Autonomous Communities and is located on the coast Barcelona | Palma de Mallorca | Santa Cruz de Tenerife | Las Palmas de Gran Canaria | Santander | Valencia
96%
Has a Guggenheim museum Abu Dhabi | Bilbao | New York City | Venice
94%
Is one of the institutional seats of the European Union Brussels | Frankfurt | Luxembourg City | Strasbourg
94%
Is a capital city that is, or has been divided by different 'countries' (Includes partially unrecognized countries) Berlin | Jerusalem | Nicosia
93%
Is one of the 5 most populous Portuguese-speaking cities Belo Horizonte | Brasilia | Luanda | Rio de Janeiro | São Paulo
92%
Saw Napoleon lose a battle (or a siege) Acre | Bassano del Grappa | Caldiero | Krasny | Laon | La Rothière | Leipzig | Vienna | Waterloo
91%
Is one of the capitals of a country with 3 capitals Bloemfontein | Cape Town | Pretoria
91%
Contains 'ö' in its name, is located in Sweden and has more than 100 000 people Gothenburg (Göteborg) | Jönköping | Linköping | Malmö | Norrköping | Örebro
89%
Was built as a planned capital city for a modern-day country Abuja | Belmopan | Brasilia | Canberra | Dodoma | Gaborone | Islamabad | Ngerulmud | Palikir | Pretoria | Yamoussoukro | Washington
87%
Holds a church larger than 10 000 squared metres (area of the interior) Aparecida | Licheń Stary | Milan | New York City | Seville | Vatican City
84%
Is one of the 5 largest African cities located on an island (includes territories from non-African countries if any of the cities in them are big enough Antananarivo | Las Palmas de Gran Canaria | Malabo | Toamasina | Zanzibar
80%
Is a US state capital and alludes to the state it is in (something like Luxembourg City in Luxembourg or Santiago de Chile in Chile) Indianapolis | Oklahoma City
77%
Is one of the special administrative regions of the People's Republic of China Hong Kong | Macau
76%
Has over 500 000 people and is located in a double-landlocked country Samarqand | Tashkent
68%
Is one of the 3 most populous cities in the Tokyo urban area (other than Tokyo) Kawasaki | Saitama | Yokohama
67%
Is one of the 5 largest cities in Lebanon, excluding the capital Beirut Baalbek | Tripoli | Tyre | Sidon | Zahle
59%
Is one of the Canadian Territories' capitals Iqaluit | Yellowknife | Whitehorse
56%
Is the largest city in Borneo in each of the countries with territory on the island Bandar Seri Begawan | Kuching | Samarinda
54%
Is a capital city and is located in a different hemipsphere (North or South) than the majority of the country's land area Libreville | Nairobi
49%
No matching quizzes found
Score Distribution
Percent of People with Each Score
Percentile by Number Answered
Your Score History
You have not taken this quiz